| 000 | 00880nab a22001937a 4500 | ||
|---|---|---|---|
| 999 |
_c5828 _d5828 |
||
| 003 | OSt | ||
| 005 | 20260107123010.0 | ||
| 008 | 190514b xxu||||| |||| 00| 0 spa d | ||
| 040 | _cPJ | ||
| 100 |
_96732 _aRaganato, Claudia G. |
||
| 245 | 1 | 0 |
_aRazonabilidad y proporcionalidad de las medidas para la efectividad de la sentencia de alimentos Impacto del fondo de garantía alimentaria / _cClaudia G. Raganato. |
| 300 | _ap. 118-130 | ||
| 505 | _aSumario: I. Introducción.— II. La razonabilidad y proporcionalidad de las medidas.— III. Fondo de garantía alimentaria.— IV. Conclusiones. | ||
| 505 | _tSi te interesa el texto, comunicate a koha@justierradelfuego.gov.ar | ||
| 650 | 0 |
_9967 _aDERECHO DE FAMILIA |
|
| 650 | 0 |
_9968 _aALIMENTOS |
|
| 773 | 0 |
_02844 _93222 _dBuenos Aires : AbeledoPerrot, 1989- _tDerecho de familia. N° 118 - Marzo 2025 _z18511201 |
|
| 942 |
_2udc _cANA |
||